00590nam a2200181Ia 4500001001000000003000500010008004100015010001100056040000900067082002000076100002300096245007400119300000900193440001600202500008600218650007600304710002800380Para_8357CHAP220125s9999 xx 000 0 und d a207219 cCHAP aPA-C 595.752 A6 aLounsbury, Chas P. aA new Oak tree pest. :b the oak phylloxera /c by Chas P. Lounsbury a4 p. aAphidae; 13 aSobretiro de: Agr. J. 26: 1-4 p., 1903. Encuadernado con otros impresos similares ax Afididos x Colecciones de escritos x Roble x Plagas x Phylloxera aAgricultural Journal 26